<?xml version="1.0" encoding="UTF-8"?>
<record
    xmlns:xsi="http://www.w3.org/2001/XMLSchema-instance"
    xsi:schemaLocation="http://www.loc.gov/MARC21/slim http://www.loc.gov/standards/marcxml/schema/MARC21slim.xsd"
    xmlns="http://www.loc.gov/MARC21/slim">

  <leader>00697cam a22002174a 4500</leader>
  <controlfield tag="001">sa 68008214 </controlfield>
  <controlfield tag="003">DLC</controlfield>
  <controlfield tag="005">20260227112530.0</controlfield>
  <controlfield tag="008">940727s1967    ii            000 0 urdo </controlfield>
  <datafield tag="010" ind1=" " ind2=" ">
    <subfield code="a">sa 68008214 </subfield>
  </datafield>
  <datafield tag="035" ind1=" " ind2=" ">
    <subfield code="a">(OCoLC)30838324</subfield>
  </datafield>
  <datafield tag="040" ind1=" " ind2=" ">
    <subfield code="a">DLC</subfield>
    <subfield code="c">DLC</subfield>
    <subfield code="d">DLC</subfield>
  </datafield>
  <datafield tag="050" ind1="0" ind2="0">
    <subfield code="a">PK2184</subfield>
    <subfield code="b">.G57 1967</subfield>
  </datafield>
  <datafield tag="245" ind1="0" ind2="0">
    <subfield code="a">G&#x332;h&#x332;uncah o gul :</subfield>
    <subfield code="b">qa&#x1E63;&#x101;&#x2BC;id, g&#x332;h&#x332;azaliy&#x101;t, man&#x1E93;&#x16B;m&#x101;t aur rub&#x101;&#x2BB;iy&#x101;t : bar&#x101;&#x2BC;e ni&#x1E63;&#x101;b B&#x12B;. Ae. Urd&#x16B; /</subfield>
    <subfield code="c">murattibah Sayyid Mahm&#x16B;dul&#x1E25;asan.</subfield>
  </datafield>
  <datafield tag="260" ind1=" " ind2=" ">
    <subfield code="a">Lakhna&#x2BC;&#x16B; :</subfield>
    <subfield code="b">A&#x1E25;b&#x101;b Pablisharz,</subfield>
    <subfield code="c">1967.</subfield>
  </datafield>
  <datafield tag="300" ind1=" " ind2=" ">
    <subfield code="a">176 p. ;</subfield>
    <subfield code="c">19 cm.</subfield>
  </datafield>
  <datafield tag="500" ind1=" " ind2=" ">
    <subfield code="a">Poems.</subfield>
  </datafield>
  <datafield tag="546" ind1=" " ind2=" ">
    <subfield code="a">In Urdu.</subfield>
  </datafield>
  <datafield tag="650" ind1=" " ind2="0">
    <subfield code="a">Urdu poetry</subfield>
    <subfield code="v">Textbooks.</subfield>
  </datafield>
  <datafield tag="700" ind1="1" ind2=" ">
    <subfield code="a">Ma&#x1E25;m&#x16B;dul&#x1E25;asan, Sayyid.</subfield>
  </datafield>
  <datafield tag="999" ind1=" " ind2=" ">
    <subfield code="c">82315</subfield>
    <subfield code="d">82315</subfield>
  </datafield>
</record>
